<The> third America <the> emergence of the nonprofit sector in the United States

Gespeichert in:
Bibliographische Detailangaben
1. Verfasser: O'Neill, Michael
Format: Buch
Sprache:Englisch
Veröffentlicht: San Francisco Jossey-Bass Publ. 1989
Ausgabe:1. ed.
Schriftenreihe:<The> Jossey-Bass Nonprofit Sector Series
Schlagworte:
Tags: Tag hinzufügen
Keine Tags, Fügen Sie das erste Tag hinzu!

MARC

LEADER 00000nam a2200000 4500
001 c019632
005 20221206131700.1
020 |a 1-55542-165-2 
041 0 |a eng 
044 |a US 
245 1 0 |a <The> third America  |b <the> emergence of the nonprofit sector in the United States  |c Michael O'Neill 
250 |a 1. ed. 
264 1 |a San Francisco  |b Jossey-Bass Publ.  |c 1989 
300 |a 215 s. 
490 1 |a <The> Jossey-Bass Nonprofit Sector Series 
830 0 |a <The> Jossey-Bass Nonprofit Sector Series 
610 2 0 |a nadácie 
610 2 0 |a organizácie nevládne 
610 2 0 |a organizácie neziskové 
610 2 0 |a organizácie verejnoprospešné 
100 1 |a O'Neill, Michael